000 00286nam a22001337a 4500
008 170724b xxu||||| |||| 00| 0 eng d
020 _a0709959230
041 _aeng
080 _a004
100 _a29
101 _aSHK
245 _aARTIFICIAL INTELLIGENCE
_cBORN,R
942 _2udc
_cBK
999 _c21793
_d21793